000 00636cam a22002293a 4500
001 28369
003 PGUSA
005 20140828083619.0
008 090320s2009||||xxu|||||s|||||000 | eng d
040 _aPGUSA
_beng
042 _adc
050 4 _aPJ
245 1 0 _aHebrew Literature
_h[electronic resource]
260 _bProject Gutenberg,
_c2009
506 _aPublic domain in the USA.
516 _aElectronic text
653 _aHebrew literature -- Translations into English
700 1 _aWilson, Epiphanius,
_d1845-1916
830 0 _aProject Gutenberg
_v28369
856 4 0 _uhttp://www.gutenberg.org/ebooks/28369
942 _cEB
999 _c257624
_d257624